[Вып. 1]; Производство и исследование стекла и силикатных материалов

Dades bibliogràfiques
Parent link:Производство и исследование стекла и силикатных материалов: [сборник статей]/ Государственный научно-исследовательский институт стекла, Гусевский филиал. [Вып. 1].— , 1969-1985
Altres autors: Клегг Д. И. (редактор)
Idioma:rus
Publicat: Москва, 1969
Matèries:
Format: MixedMaterials Llibre
KOHA link:https://koha.lib.tpu.ru/cgi-bin/koha/opac-detail.pl?biblionumber=272337

MARC

LEADER 00000nam2a2200000 4500
001 272337
005 20240515111053.0
035 |a (RuTPU)RU\TPU\book\295543 
035 |a RU\TPU\book\133555 
090 |a 272337 
100 |a 20071016d1969 k y0rusy50 ca 
101 0 |a rus 
102 |a RU 
105 |a a z 101zy 
200 0 |a [Вып. 1]  |f отв. ред. Д. И. Клегг 
203 |a Текст  |b визуальный  |c непосредственный 
210 |a Москва  |d 1969 
215 |a 163 с.  |c ил. 
320 |a Библиография в конце докладов. 
461 1 |0 (RuTPU)RU\TPU\book\133555  |t Производство и исследование стекла и силикатных материалов  |o [сборник статей]  |f Государственный научно-исследовательский институт стекла, Гусевский филиал   |v [Вып. 1]  |d 1969-1985 
606 1 |a Силикатные изделия  |x Производство  |2 stltpush  |3 (RuTPU)RU\TPU\subj\34471  |9 56409 
610 1 |a получение 
610 1 |a исследование 
610 1 |a стекло 
610 1 |a силикатные материалы 
610 1 |a сборники 
675 |a 666  |v 3 
702 1 |a Клегг  |b Д. И.  |4 340 
801 1 |a RU  |b 63413507  |c 20141017 
801 2 |a RU  |b 63413507  |c 20150702  |g RCR 
942 |c BK